[Event "Aut_chT"]
[Site "Frohnleiten"]
[Date "2002.12.07"]
[Round "3.3"]
[White "Ebner, Hubert"]
[Black "Prager, Manfred"]
[Result "1-0"]
[WhiteElo "2235"]
[BlackElo "2087"]
[PlyCount "121"]
[EventDate "2002.12.05"]

1. d4 Nf6 2. Nf3 d5 3. c4 e6 4. g3 Be7 5. Bg2 O-O 6. O-O Nbd7 7. Qc2 c6 8. Nbd2
Re8 9. Rd1 Qc7 10. b3 b6 11. e4 dxe4 12. Nxe4 Nxe4 13. Qxe4 Nf6 14. Qe2 Bb7 15.
Bf4 Qc8 16. Ne5 c5 17. dxc5 Bxc5 18. Rd3 Bxg2 19. Kxg2 Qb7+ 20. Qf3 Qxf3+ 21.
Kxf3 Red8 22. Rad1 Rxd3+ 23. Rxd3 h6 24. Nd7 Be7 25. Nxf6+ Bxf6 26. Rd7 Kf8 27.
Be3 Ke8 28. Rb7 Be7 29. Ke4 Bf8 30. Bd4 f6 31. h4 Be7 32. h5 Kf8 33. Be3 Bd6
34. g4 Kg8 35. Rd7 Bf8 36. Rb7 Ba3 37. Bf4 Bc5 38. f3 Rd8 39. Be3 f5+ 40. gxf5
exf5+ 41. Kf4 Bd6+ 42. Kxf5 Rf8+ 43. Ke4 Re8+ 44. Kd3 Re7 45. Rxe7 Bxe7 46. Ke4
Kf7 47. Kf5 Bd6 48. Bd4 Bb4 49. a4 Bd2 50. Be5 Bb4 51. Bc7 Bc3 52. a5 Bxa5 53.
c5 Ke7 54. Kg6 Kd7 55. cxb6 axb6 56. Be5 Ke6 57. Bxg7 Bd2 58. Bxh6 Bxh6 59.
Kxh6 Kf6 60. f4 b5 61. b4 1-0

[Event "Aut_chT"]
[Site "Frohnleiten"]
[Date "2002.12.07"]
[Round "3.4"]
[White "Varga, Peter"]
[Black "Almasi, Zoltan"]
[Result "1/2-1/2"]
[WhiteElo "2486"]
[BlackElo "2672"]
[PlyCount "26"]
[EventDate "2002.12.05"]

1. d4 Nf6 2. c4 g6 3. Nc3 Bg7 4. e4 d6 5. h3 O-O 6. Bg5 Qe8 7. Be2 Na6 8. Nf3
e5 9. d5 Nc5 10. Nd2 a5 11. g4 c6 12. Be3 Nfd7 13. Nf1 cxd5 1/2-1/2

[Event "Aut_chT"]
[Site "Frohnleiten"]
[Date "2002.12.07"]
[Round "3.4"]
[White "Pinter, Jozsef"]
[Black "Vogt, Lothar"]
[Result "1-0"]
[WhiteElo "2543"]
[BlackElo "2484"]
[PlyCount "123"]
[EventDate "2002.12.05"]

1. d4 Nf6 2. c4 g6 3. Nf3 Bg7 4. g3 O-O 5. Bg2 d6 6. Nc3 Nbd7 7. O-O e5 8. e4
exd4 9. Nxd4 Re8 10. Re1 Nc5 11. h3 Bd7 12. Nb3 Na4 13. Nxa4 Bxa4 14. Bg5 h6
15. Bd2 Nd7 16. Qc2 Re7 17. Bc3 Qf8 18. Re3 Nc5 19. Rae1 Rae8 20. Kh2 Nxb3 21.
axb3 Bc6 22. b4 a6 23. Qd3 Bxc3 24. bxc3 b6 25. c5 dxc5 26. Qxa6 Re6 27. Qa3
Rd8 28. Qb2 b5 29. R1e2 cxb4 30. cxb4 Qd6 31. Rc3 Qd1 32. Rcc2 Qd7 33. Qc1 Qe8
34. f3 Kh7 35. Rc5 Rc8 36. h4 Bd7 37. Rec2 c6 38. Rd2 Re7 39. Rd6 Re6 40. Rd4
Re7 41. Qd2 Be6 42. f4 Ra7 43. Rc2 Rd7 44. h5 g5 45. e5 Rcd8 46. Rd6 Rxd6 47.
exd6 f5 48. Rxc6 Qxh5+ 49. Kg1 Rd7 50. Qe1 Qg6 51. fxg5 hxg5 52. Qe5 Qg8 53.
Bd5 Bxd5 54. Qxf5+ Kh6 55. Qxd7 Qa8 56. Rc1 Qa3 57. Qh3+ Kg6 58. Rf1 Qe3+ 59.
Rf2 Qe1+ 60. Qf1 Qe5 61. Qd3+ Be4 62. Qe3 1-0

[Event "Aut_chT"]
[Site "Frohnleiten"]
[Date "2002.12.07"]
[Round "3.4"]
[White "Lehner, Oliver"]
[Black "Baumegger, Siegfried"]
[Result "1/2-1/2"]
[WhiteElo "2413"]
[BlackElo "2359"]
[PlyCount "85"]
[EventDate "2002.12.05"]

1. d4 d5 2. c4 c6 3. Nc3 Nf6 4. Nf3 dxc4 5. a4 Bf5 6. e3 e6 7. Bxc4 Bb4 8. O-O
Nbd7 9. Qe2 Bg6 10. e4 O-O 11. e5 Nd5 12. Bd2 Qa5 13. Bxd5 cxd5 14. Nh4 Nb6 15.
f4 Nc4 16. Be1 Qb6 17. Rd1 Bxc3 18. Bxc3 Be4 19. f5 exf5 20. Nxf5 Rae8 21. Ne3
Nxe3 22. Qxe3 Rxe5 23. Bb4 Rfe8 24. Qf4 Rf5 25. Qd6 Rxf1+ 26. Kxf1 Qxd6 27.
Bxd6 Bc2 28. Ra1 Bd3+ 29. Kg1 Rc8 30. Bf4 Kf8 31. Rc1 Rxc1+ 32. Bxc1 Ke7 33. a5
Kd7 34. Bf4 Kc6 35. Bb8 Kb5 36. Bxa7 Kxa5 37. Bc5 b6 38. Bd6 Ka4 39. b4 f5 40.
h4 f4 41. Kf2 Be4 42. g3 f3 43. Bc7 1/2-1/2

[Event "Aut_chT"]
[Site "Frohnleiten"]
[Date "2002.12.07"]
[Round "3.4"]
[White "Kuba, Guenter"]
[Black "Ganaus, Hannes"]
[Result "1/2-1/2"]
[WhiteElo "2307"]
[BlackElo "2357"]
[PlyCount "151"]
[EventDate "2002.12.05"]

1. e4 c6 2. d4 d5 3. Nd2 dxe4 4. Nxe4 Bf5 5. Ng3 Bg6 6. h4 h6 7. Nf3 Nd7 8. h5
Bh7 9. Bd3 Bxd3 10. Qxd3 e6 11. Bf4 Qa5+ 12. Bd2 Bb4 13. Qb3 Bxd2+ 14. Nxd2
Ngf6 15. O-O-O O-O 16. Nge4 Qd5 17. Qxd5 cxd5 18. Nxf6+ Nxf6 19. f3 b5 20. c3
Rfc8 21. Kc2 b4 22. g4 Nd7 23. Kd3 bxc3 24. bxc3 Rc6 25. Rb1 Rac8 26. Rhc1 R8c7
27. Rb3 Ra6 28. Rc2 f5 29. gxf5 exf5 30. Rb5 Nf6 31. Nf1 f4 32. Rh2 Rac6 33.
Rb3 Nd7 34. Re2 Rf6 35. Nd2 Rf5 36. Rh2 Nb6 37. Nf1 Re7 38. Rb1 Kh7 39. Rh4 Nc4
40. Rh2 Rg5 41. Rc1 Rg1 42. Rb1 Na3 43. Rc1 Rb7 44. Rd1 Nc4 45. Re1 a5 46. Rhe2
Rg5 47. Rh2 Nb2+ 48. Kd2 a4 49. Kc2 Nc4 50. Kd3 a3 51. Nd2 Rb2 52. Ree2 Ne3 53.
c4 Rxa2 54. c5 Rb2 55. Rh1 Rf5 56. Kc3 Rf7 57. Ra1 Nc4 58. Nxc4 Rxe2 59. Nxa3
Re3+ 60. Kb4 Rxf3 61. c6 Re3 62. Nb5 f3 63. c7 Rf8 64. Rf1 Rc8 65. Kc5 Rb3 66.
Kc6 Rxb5 67. Kxb5 Rxc7 68. Rxf3 Rc4 69. Rf5 Rxd4 70. Kc5 Rd1 71. Rxd5 Re1 72.
Kd4 Kg8 73. Rf5 Re6 74. Kd5 Rf6 75. Ke5 Ra6 76. Kf4 1/2-1/2

[Event "Aut_chT"]
[Site "Frohnleiten"]
[Date "2002.12.07"]
[Round "3.4"]
[White "Bokros, Albert"]
[Black "Kilgus, Georg"]
[Result "1-0"]
[WhiteElo "2420"]
[BlackElo "2346"]
[PlyCount "41"]
[EventDate "2002.12.05"]

1. e4 c5 2. Nf3 d6 3. d4 cxd4 4. Nxd4 Nf6 5. f3 e6 6. c4 Be7 7. Nc3 O-O 8. Be2
Nc6 9. Nc2 d5 10. cxd5 exd5 11. Nxd5 Nxd5 12. Qxd5 Qxd5 13. exd5 Nb4 14. Nxb4
Bxb4+ 15. Kf2 Bf5 16. Be3 Rfe8 17. Rac1 Re7 18. Bc5 Bxc5+ 19. Rxc5 Rae8 20. Bb5
Bd7 21. d6 1-0

[Event "Aut_chT"]
[Site "Frohnleiten"]
[Date "2002.12.07"]
[Round "3.4"]
[White "Postl, Anton"]
[Black "Weissenbeck, Manuel"]
[Result "1-0"]
[WhiteElo "2322"]
[BlackElo "2225"]
[PlyCount "69"]
[EventDate "2002.12.05"]

1. Nf3 Nf6 2. g3 b6 3. Bg2 Bb7 4. c4 e6 5. O-O c5 6. b3 Be7 7. Bb2 O-O 8. e3
Nc6 9. Qc2 Qc7 10. Nc3 Rad8 11. Rac1 Rfe8 12. e4 d6 13. h3 Nd7 14. d4 cxd4 15.
Nb5 Qb8 16. Nbxd4 Bf6 17. Rfe1 Nxd4 18. Nxd4 d5 19. b4 dxc4 20. Qxc4 Rc8 21.
Qb5 Red8 22. Rxc8 Qxc8 23. Rc1 Qb8 24. f4 a6 25. Qe2 e5 26. Nf5 exf4 27. Bxf6
Nxf6 28. e5 Re8 29. Bxb7 Qxb7 30. Nd6 f3 31. Qd2 Qd7 32. exf6 Re2 33. Qg5 f2+
34. Kg2 f1=Q+ 35. Kxf1 1-0

[Event "Aut_chT"]
[Site "Frohnleiten"]
[Date "2002.12.07"]
[Round "3.5"]
[White "Dizdar, Goran"]
[Black "Mueller, Karsten"]
[Result "0-1"]
[WhiteElo "2525"]
[BlackElo "2518"]
[PlyCount "94"]
[EventDate "2002.12.05"]

1. d4 d5 2. c4 c6 3. Nf3 Nf6 4. e3 Bf5 5. Nc3 e6 6. Nh4 Bg4 7. Qb3 Qb6 8. h3
Bh5 9. g4 Bg6 10. Nxg6 hxg6 11. g5 Ng8 12. c5 Qc7 13. e4 Nd7 14. exd5 exd5 15.
Ne2 Ne7 16. Bf4 Qa5+ 17. Bd2 Qc7 18. Bf4 Qa5+ 19. Bd2 Qc7 20. O-O-O Rh4 21. Bf4
Rxf4 22. Qg3 Nxc5 23. Qxf4 Qxf4+ 24. Nxf4 Ne4 25. Rg1 Nxf2 26. Re1 Ne4 27. Nd3
f5 28. Ne5 Rd8 29. h4 Rd6 30. Be2 Re6 31. Nd3 Nc8 32. Nf4 Rd6 33. Ref1 Kd8 34.
Kc2 Be7 35. Rd1 Kd7 36. Rdf1 Bd8 37. Rg2 Ne7 38. Rd1 Bb6 39. Rd3 Kc8 40. a3 Rd8
41. Rh3 Rh8 42. Kd3 Kd7 43. Ke3 Kd6 44. h5 c5 45. h6 cxd4+ 46. Kf3 gxh6 47.
Rxh6 Nxg5+ 0-1

[Event "Aut_chT"]
[Site "Frohnleiten"]
[Date "2002.12.07"]
[Round "3.5"]
[White "Polzin, Rainer"]
[Black "Schmittdiel, Eckhard"]
[Result "1/2-1/2"]
[WhiteElo "2462"]
[BlackElo "2491"]
[PlyCount "84"]
[EventDate "2002.12.05"]

1. e4 e6 2. d4 d5 3. Nc3 Nf6 4. e5 Nfd7 5. f4 c5 6. Nf3 Nc6 7. Be3 a6 8. Qd2 b5
9. a3 Qb6 10. Qf2 Qa5 11. Rb1 b4 12. axb4 cxb4 13. Ne2 f5 14. h3 h5 15. Nc1 Qc7
16. Bd3 Be7 17. Ne2 a5 18. Qg3 Nf8 19. O-O Rh7 20. Rfc1 h4 21. Qe1 Ba6 22. Qd1
Bxd3 23. Qxd3 Qd7 24. c4 bxc3 25. bxc3 Rh8 26. Qb5 Ng6 27. Qa4 Ncxe5 28. Qxd7+
Nxd7 29. c4 dxc4 30. Rxc4 Nf6 31. Ra4 Nd5 32. Bd2 Bd6 33. Rb7 Ngxf4 34. Nxf4
Bxf4 35. Rxa5 Rxa5 36. Bxa5 Rg8 37. Nxh4 Be3+ 38. Kf1 Bxd4 39. Ng6 Bf6 40. Rb8+
Kf7 41. Nh8+ Rxh8 42. Rxh8 Bd4 1/2-1/2

[Event "Aut_chT"]
[Site "Frohnleiten"]
[Date "2002.12.07"]
[Round "3.5"]
[White "Duer, Arne"]
[Black "Schwarz, Michael"]
[Result "1-0"]
[WhiteElo "2365"]
[BlackElo "2410"]
[PlyCount "107"]
[EventDate "2002.12.05"]

1. c4 g6 2. Nc3 Bg7 3. d4 d6 4. e4 Nc6 5. Be3 e5 6. d5 Nd4 7. Nge2 Nxe2 8. Bxe2
f5 9. exf5 Bxf5 10. g4 Bd7 11. h4 Nh6 12. Ne4 Nf7 13. Qd2 Bf6 14. O-O-O Be7 15.
h5 g5 16. h6 Rg8 17. Rh5 Rg6 18. f3 Kf8 19. Bd3 Kg8 20. Ng3 Rf6 21. Bf5 Bxf5
22. Nxf5 Rg6 23. Kb1 a5 24. Ng7 Qd7 25. Ne6 Rxe6 26. dxe6 Qxe6 27. Qd5 Qxd5 28.
cxd5 Kf8 29. Rc1 Bd8 30. Kc2 Ke8 31. Kd3 Kd7 32. Ke4 Be7 33. Rh2 Rg8 34. b3 Rg6
35. Bd2 b6 36. Rch1 Bf8 37. Be3 Be7 38. a3 Rg8 39. Rc2 Rg6 40. b4 axb4 41. axb4
b5 42. Ra2 Rg8 43. Ra7 Rb8 44. Rc1 Bd8 45. Rca1 Bf6 46. Ra8 Rxa8 47. Rxa8 Nxh6
48. Rb8 Nf7 49. Rxb5 Be7 50. Rb8 Bd8 51. b5 Be7 52. Ra8 Bd8 53. Ra7 Ke8 54. Kf5
1-0

[Event "Aut_chT"]
[Site "Frohnleiten"]
[Date "2002.12.07"]
[Round "3.5"]
[White "Schlosser, Michael"]
[Black "Pilz, Dieter"]
[Result "1/2-1/2"]
[WhiteElo "2344"]
[BlackElo "2294"]
[PlyCount "47"]
[EventDate "2002.12.05"]

1. e4 e5 2. Bc4 Nc6 3. Nc3 Nf6 4. d3 Bc5 5. f4 d6 6. f5 Na5 7. Qf3 c6 8. Nge2
b5 9. Bb3 Bb7 10. g4 h6 11. Ng3 Qc7 12. h4 O-O-O 13. Bd2 a6 14. O-O-O Nxb3+ 15.
axb3 d5 16. g5 hxg5 17. hxg5 Rxh1 18. Rxh1 dxe4 19. dxe4 Ne8 20. Nce2 b4 21.
Nf1 a5 22. Rh8 Ba6 23. Neg3 Bb5 24. Be3 1/2-1/2

[Event "Aut_chT"]
[Site "Frohnleiten"]
[Date "2002.12.07"]
[Round "3.5"]
[White "Ferrari, Josef"]
[Black "Kotz, Heinz Peter"]
[Result "1/2-1/2"]
[WhiteElo "2217"]
[BlackElo "2325"]
[PlyCount "39"]
[EventDate "2002.12.05"]

1. c4 g6 2. Nc3 Bg7 3. d4 Nf6 4. e4 d6 5. f3 O-O 6. Be3 Nc6 7. Nge2 a6 8. Qd2
Rb8 9. h4 h5 10. Nc1 e5 11. d5 Nd4 12. Nb3 c5 13. dxc6 bxc6 14. Nxd4 exd4 15.
Bxd4 Re8 16. Be2 Qa5 17. O-O Qb4 18. a3 Qxb2 19. Qxb2 Rxb2 20. Rab1 1/2-1/2

[Event "Aut_chT"]
[Site "Frohnleiten"]
[Date "2002.12.07"]
[Round "3.5"]
[White "Perhinig, Robert"]
[Black "Gerhold, Michael"]
[Result "1/2-1/2"]
[WhiteElo "2229"]
[BlackElo "2205"]
[PlyCount "34"]
[EventDate "2002.12.05"]

1. d4 f5 2. c4 Nf6 3. g3 e6 4. Bg2 c6 5. Nf3 d5 6. O-O Bd6 7. b3 Qe7 8. a4 a5
9. Ba3 Bxa3 10. Nxa3 O-O 11. Nc2 b6 12. Nfe1 Bb7 13. Nd3 Na6 14. cxd5 exd5 15.
Ne5 Nb4 16. Nxb4 axb4 17. Qc2 Qe6 1/2-1/2

[Event "Aut_chT"]
[Site "Frohnleiten"]
[Date "2002.12.07"]
[Round "3.6"]
[White "Hickl, Joerg"]
[Black "Lutz, Christopher"]
[Result "1/2-1/2"]
[WhiteElo "2605"]
[BlackElo "2645"]
[PlyCount "31"]
[EventDate "2002.12.05"]

1. Nf3 Nf6 2. g3 d5 3. Bg2 e6 4. O-O Be7 5. c4 O-O 6. b3 c5 7. Bb2 Nc6 8. e3 b6
9. d3 Bb7 10. Qe2 Qc7 11. Nc3 dxc4 12. dxc4 Rad8 13. Rfd1 Qb8 14. Rxd8 Rxd8 15.
Rd1 Nb4 16. Rxd8+ 1/2-1/2

[Event "Aut_chT"]
[Site "Frohnleiten"]
[Date "2002.12.07"]
[Round "3.6"]
[White "Rotstein, Arkadij"]
[Black "Atlas, Valery"]
[Result "1-0"]
[WhiteElo "2544"]
[BlackElo "2501"]
[PlyCount "101"]
[EventDate "2002.12.05"]

1. c4 c5 2. g3 e6 3. Bg2 a6 4. Nc3 Nf6 5. Nf3 b6 6. d4 cxd4 7. Nxd4 Ra7 8. O-O
Be7 9. e4 d6 10. Be3 O-O 11. f4 Rc7 12. Qe2 Bb7 13. g4 Nfd7 14. g5 Nc6 15. Nf3
Na5 16. Nd2 e5 17. h4 exf4 18. Rxf4 Rc8 19. Bh3 Nc6 20. Nf3 Nce5 21. Nxe5 dxe5
22. Rf2 Rc6 23. Rd1 Rd6 24. Nd5 Nc5 25. Qf3 a5 26. Rfd2 Bxd5 27. cxd5 g6 28.
Rg2 f6 29. Qg4 f5 30. exf5 gxf5 31. Qh5 Rg6 32. Kh1 f4 33. Bxc5 Bxc5 34. Qf3
Kh8 35. Qe4 f3 36. Qxe5+ Rg7 37. Rc2 f2 38. Rf1 Re8 39. Be6 h6 40. Rxc5 bxc5
41. Rxf2 Rf8 42. Bf7 Qd7 43. Be6 Qd8 44. Rf6 Rxf6 45. gxf6 Rg6 46. f7+ Kh7 47.
f8=N+ Qxf8 48. Bf5 Qg7 49. Qe6 h5 50. d6 Qb7+ 51. Be4 1-0

[Event "Aut_chT"]
[Site "Frohnleiten"]
[Date "2002.12.07"]
[Round "3.6"]
[White "Gustafsson, Jan"]
[Black "Beim, Valeri"]
[Result "1/2-1/2"]
[WhiteElo "2554"]
[BlackElo "2555"]
[PlyCount "41"]
[EventDate "2002.12.05"]

1. d4 d6 2. Nf3 Bg4 3. c4 Nd7 4. Nc3 e5 5. g3 g6 6. Bg2 Bg7 7. O-O Ne7 8. d5
O-O 9. h3 Bxf3 10. Bxf3 f5 11. e4 Nf6 12. Kg2 Rf7 13. b4 c6 14. Qd3 cxd5 15.
Nxd5 Nexd5 16. cxd5 fxe4 17. Bxe4 Qb6 18. Rb1 Nxe4 19. Qxe4 Qd4 20. Qxd4 exd4
21. Bf4 1/2-1/2

[Event "Aut_chT"]
[Site "Frohnleiten"]
[Date "2002.12.07"]
[Round "3.6"]
[White "Lau, Ralf"]
[Black "Sinowjew, Jurij"]
[Result "1/2-1/2"]
[WhiteElo "2491"]
[BlackElo "2310"]
[PlyCount "116"]
[EventDate "2002.12.05"]

1. d4 Nf6 2. Nf3 g6 3. Bg5 Bg7 4. Nbd2 O-O 5. e4 d6 6. c3 Nbd7 7. Bc4 e5 8. O-O
h6 9. Bh4 exd4 10. cxd4 g5 11. Bg3 d5 12. exd5 Nb6 13. Bb3 Nbxd5 14. Ne5 Bf5
15. Qf3 Be6 16. Rad1 c6 17. Ndc4 Ne8 18. Rfe1 Nec7 19. Na5 Rb8 20. Qe2 Nb4 21.
a3 Bxb3 22. Nxb3 Nbd5 23. Nc5 Re8 24. Qh5 Re7 25. h4 Nf6 26. Qf3 Qd5 27. hxg5
hxg5 28. Qf5 Nh7 29. Re3 Rbe8 30. Qf3 Qxf3 31. Rxf3 Nd5 32. Kf1 Nhf6 33. Rb3 b6
34. Nxc6 Re2 35. Nd3 Rc2 36. Ncb4 Rcc8 37. Be5 Nxb4 38. axb4 Nd5 39. b5 f6 40.
Bg3 Rc4 41. Ne1 Re4 42. Nf3 g4 43. Nh4 Rcxd4 44. Rxd4 Rxd4 45. Nf5 Rc4 46. Rd3
Nf4 47. Rc3 Rb4 48. Ne7+ Kh7 49. Nc6 Ra4 50. Ra3 Rc4 51. Bxf4 Rxf4 52. g3 Rf5
53. Rxa7 Kh6 54. Nd4 Rd5 55. Ne6 Bh8 56. Ra8 Kh7 57. Ra7+ Kh6 58. Ra8 Kh7
1/2-1/2

[Event "Aut_chT"]
[Site "Frohnleiten"]
[Date "2002.12.07"]
[Round "3.6"]
[White "Novkovic, Milan"]
[Black "Mahdy, Khaled"]
[Result "1/2-1/2"]
[WhiteElo "2375"]
[BlackElo "2374"]
[PlyCount "86"]
[EventDate "2002.12.05"]

1. d4 Nf6 2. c4 c5 3. d5 g6 4. Nc3 Bg7 5. e4 d6 6. Bd3 O-O 7. Nge2 e6 8. O-O
exd5 9. cxd5 Na6 10. h3 Nc7 11. a4 b6 12. Bg5 Qd7 13. f4 h6 14. Bh4 Bb7 15. Qd2
Rae8 16. Ng3 Nh7 17. Kh1 Kh8 18. Rf3 a6 19. Raf1 f5 20. exf5 Nxd5 21. fxg6 Ne3
22. f5 Nxf1 23. Rxf1 Nf6 24. Bxf6 Rxf6 25. Nce4 Bxe4 26. Nxe4 Rxe4 27. Bxe4
Qxa4 28. Bd5 Qd4 29. Qxd4 cxd4 30. Bc4 b5 31. Bd3 Rf8 32. g4 Bf6 33. Re1 Kg7
34. Re6 Rd8 35. b3 Rd7 36. Kg2 Bh4 37. Kf3 Re7 38. Ke4 Rxe6+ 39. fxe6 Kxg6 40.
Kd5+ Kg7 41. Kxd6 Kf8 42. Kd7 Bg5 43. Bf1 Bh4 1/2-1/2

[Event "Aut_chT"]
[Site "Frohnleiten"]
[Date "2002.12.07"]
[Round "3.6"]
[White "Kleiser, Gregor"]
[Black "Gaertner, Guntram"]
[Result "1/2-1/2"]
[WhiteElo "2201"]
[BlackElo "2354"]
[PlyCount "128"]
[EventDate "2002.12.05"]

1. e4 c6 2. c4 d5 3. cxd5 cxd5 4. exd5 Nf6 5. Nc3 Nxd5 6. Nf3 Nxc3 7. bxc3 g6
8. d4 Bg7 9. Bd3 O-O 10. O-O Qc7 11. Bb2 b6 12. Re1 Bb7 13. a4 Nc6 14. Ba3 Rfd8
15. Ng5 e6 16. Qg4 Bc8 17. Be4 f5 18. Qh4 h6 19. Bxc6 Qxc6 20. Nf3 Bb7 21. Qg3
g5 22. Ne5 Qd5 23. a5 b5 24. Bb4 a6 25. Re2 Re8 26. Rae1 Qd8 27. Nd3 Bd5 28.
Nc5 Qc8 29. h4 g4 30. Qf4 Kh7 31. h5 Kg8 32. Re3 Bf8 33. Nd3 Qb8 34. Ne5 Bg7
35. Ng6 Qxf4 36. Nxf4 Kf7 37. Nxd5 exd5 38. Re7+ Rxe7 39. Rxe7+ Kg8 40. Rd7 Re8
41. Kf1 Bf8 42. Bxf8 Rxf8 43. Ke2 f4 44. Rxd5 f3+ 45. gxf3 Rxf3 46. Rc5 Rf4 47.
Rc6 b4 48. Rxa6 bxc3 49. d5 Rd4 50. d6 Kf7 51. Rc6 Ra4 52. a6 Ke6 53. Kd3 Kd7
54. Rb6 Ra3 55. Kc2 Ra2+ 56. Kxc3 Rxf2 57. Kd4 g3 58. Rb3 g2 59. Rg3 Ra2 60. a7
Rxa7 61. Rxg2 Ra4+ 62. Ke5 Ra5+ 63. Kf6 Rxh5 64. Kg6 Rg5+ 1/2-1/2

[Event "Aut_chT"]
[Site "Frohnleiten"]
[Date "2002.12.08"]
[Round "4.1"]
[White "Tischbierek, Raj"]
[Black "Lutz, Christopher"]
[Result "1/2-1/2"]
[WhiteElo "2523"]
[BlackElo "2645"]
[PlyCount "27"]
[EventDate "2002.12.05"]

1. e4 c5 2. Nf3 e6 3. c4 Nc6 4. Nc3 Nf6 5. Be2 Qb6 6. O-O Be7 7. d3 d6 8. a3
O-O 9. Rb1 Qc7 10. d4 cxd4 11. Nxd4 a6 12. Be3 Bd7 13. f3 Rac8 14. Rc1 1/2-1/2

[Event "Aut_chT"]
[Site "Frohnleiten"]
[Date "2002.12.08"]
[Round "4.1"]
[White "Rotstein, Arkadij"]
[Black "Eichler, Christoph"]
[Result "1-0"]
[WhiteElo "2544"]
[BlackElo "2302"]
[PlyCount "65"]
[EventDate "2002.12.05"]

1. e4 g6 2. d4 Bg7 3. Nf3 c6 4. Bd3 d5 5. e5 Nh6 6. Nc3 f6 7. O-O O-O 8. Re1
Nf7 9. exf6 exf6 10. Ne2 Re8 11. Nf4 Nd6 12. Rxe8+ Qxe8 13. Bd2 Nd7 14. Bb4 Bf8
15. a4 a5 16. Ba3 Nb6 17. b3 Bf5 18. Bxf5 Nxf5 19. Bxf8 Kxf8 20. Qd2 Qf7 21.
Re1 Ng7 22. h4 Nc8 23. h5 Nd6 24. hxg6 hxg6 25. Nh4 g5 26. Nfg6+ Kg8 27. Re7
gxh4 28. Rxf7 Kxf7 29. Nxh4 b5 30. Qh6 bxa4 31. bxa4 Nge8 32. Qh7+ Ke6 33. Ng6
1-0

[Event "Aut_chT"]
[Site "Frohnleiten"]
[Date "2002.12.08"]
[Round "4.1"]
[White "Beck, Hartmuth"]
[Black "Beim, Valeri"]
[Result "1/2-1/2"]
[WhiteElo "2257"]
[BlackElo "2555"]
[PlyCount "36"]
[EventDate "2002.12.05"]

1. d4 f5 2. g3 Nf6 3. Bg2 g6 4. Nf3 Bg7 5. O-O O-O 6. c4 d6 7. Nc3 Nc6 8. d5
Na5 9. Qd3 c5 10. b3 a6 11. Bb2 Rb8 12. Rab1 b5 13. Ba1 bxc4 14. bxc4 Bd7 15.
Rxb8 Qxb8 16. Rb1 Qc7 17. h3 Rb8 18. Nd2 Rxb1+ 1/2-1/2

[Event "Aut_chT"]
[Site "Frohnleiten"]
[Date "2002.12.08"]
[Round "4.1"]
[White "Lau, Ralf"]
[Black "Peterwagner, Heinz"]
[Result "1-0"]
[WhiteElo "2491"]
[BlackElo "2243"]
[PlyCount "59"]
[EventDate "2002.12.05"]

1. g3 g6 2. Bg2 Bg7 3. e4 c5 4. f4 e6 5. Qe2 Nc6 6. c3 Nge7 7. Nf3 a6 8. d3 Rb8
9. Be3 d6 10. O-O O-O 11. Nbd2 b5 12. e5 dxe5 13. fxe5 Nxe5 14. Nxe5 Bxe5 15.
Bh6 Qc7 16. Bxf8 Kxf8 17. Rae1 Bg7 18. Nf3 Kg8 19. Qf2 b4 20. Ne5 Nf5 21. Nc6
bxc3 22. bxc3 Bxc3 23. Rc1 Rb2 24. Qxc5 Bf6 25. Rf2 Rxf2 26. Kxf2 Bg5 27. Re1
Bf6 28. Rc1 Bg5 29. Nd4 Be3+ 30. Ke2 1-0

[Event "Aut_chT"]
[Site "Frohnleiten"]
[Date "2002.12.08"]
[Round "4.1"]
[White "Opl, Klaus"]
[Black "Mahdy, Khaled"]
[Result "0-1"]
[WhiteElo "2279"]
[BlackElo "2374"]
[PlyCount "68"]
[EventDate "2002.12.05"]

1. e4 g6 2. d4 Bg7 3. Bc4 c5 4. d5 b5 5. Be2 Bb7 6. c3 Nf6 7. f3 a6 8. a4 b4 9.
cxb4 cxb4 10. a5 e6 11. Qb3 O-O 12. Qxb4 Qc7 13. Nc3 exd5 14. exd5 Nxd5 15.
Nxd5 Bxd5 16. Nh3 Re8 17. Nf4 Bc4 18. Kf2 Bd4+ 19. Kf1 Rxe2 20. Nxe2 d5 21. Bh6
Nc6 22. Qd2 Re8 23. Re1 Qe7 24. h4 Ba7 25. g3 Nd4 26. Qc3 Bxe2+ 27. Kg2 Qc5 28.
Qd3 Qc4 29. Qxc4 dxc4 30. Kh3 Nxf3 31. Rc1 Be3 32. Bxe3 Rxe3 33. Rc3 Bd3 34.
Kg2 Nd4 0-1

[Event "Aut_chT"]
[Site "Frohnleiten"]
[Date "2002.12.08"]
[Round "4.1"]
[White "Kleiser, Gregor"]
[Black "Schmidt, Georg"]
[Result "0-1"]
[WhiteElo "2201"]
[BlackElo "2246"]
[PlyCount "38"]
[EventDate "2002.12.05"]

1. e4 e6 2. d4 d5 3. Nc3 Nf6 4. Bg5 Be7 5. e5 Nfd7 6. h4 Bxg5 7. hxg5 Qxg5 8.
Nf3 Qe7 9. Bd3 h6 10. Qd2 Nb6 11. O-O-O Nc6 12. g4 Rg8 13. Bh7 Nc4 14. Qe2 Qb4
15. Na4 Qxa4 16. Bxg8 Qxa2 17. c3 Qa1+ 18. Kc2 Qxb2+ 19. Kd3 Nb4+ 0-1

[Event "Aut_chT"]
[Site "Frohnleiten"]
[Date "2002.12.08"]
[Round "4.2"]
[White "Atlas, Valery"]
[Black "Polzin, Rainer"]
[Result "1/2-1/2"]
[WhiteElo "2501"]
[BlackElo "2462"]
[PlyCount "154"]
[EventDate "2002.12.05"]

1. e4 g6 2. d4 Bg7 3. Nc3 d6 4. Be3 a6 5. a4 Nf6 6. f3 O-O 7. Qd2 e5 8. d5 Ne8
9. g4 f5 10. gxf5 gxf5 11. O-O-O f4 12. Bf2 Nd7 13. Bh3 b5 14. Na2 bxa4 15. Nb4
Nb8 16. Qc3 Bd7 17. Nc6 Nxc6 18. dxc6 Bxh3 19. Nxh3 Bf6 20. Qc4+ Kh8 21. Qxa4
Ng7 22. Qc4 Qc8 23. Ng1 a5 24. Rd3 Qa6 25. Qd5 a4 26. Ne2 a3 27. bxa3 Rab8 28.
Nc3 Qxa3+ 29. Kd2 Qa6 30. h4 Rb4 31. Rg1 Rc4 32. Qb5 Qxb5 33. Nxb5 Rxc6 34. Rc3
Rxc3 35. Kxc3 Kg8 36. Kc4 Kf7 37. Kd5 Ne6 38. Kc6 Ra8 39. Ba7 Bxh4 40. Rh1 Bf6
41. Rxh7+ Kg6 42. Rh2 Ng5 43. Rf2 Rh8 44. Kxc7 Rh3 45. Nxd6 Nxf3 46. c4 Bh4 47.
Rg2+ Bg3 48. Kc6 Ng5 49. Kd5 f3 50. Rd2 Bf4 51. Rd1 Rh2 52. c5 Ra2 53. Bb6 f2
54. c6 Rd2+ 55. Rxd2 f1=Q 56. c7 Bxd2 57. c8=Q Qf6 58. Bd8 Qf3 59. Bxg5 Kxg5
60. Qg8+ Kf4 61. Qf7+ Kg3 62. Qg7+ Kf2 63. Qxe5 Bf4 64. Qb2+ Kg1 65. Qd4+ Kg2
66. Nc4 Qh5+ 67. e5 Qf7+ 68. Ke4 Bg5 69. Ne3+ Bxe3 70. Qxe3 Qb7+ 71. Kf4 Qf7+
72. Kg4 Qe6+ 73. Kh4 Qc4+ 74. Kg5 Qg8+ 75. Kf4 Qf7+ 76. Ke4 Qb7+ 77. Kf4 Qf7+
1/2-1/2

[Event "Aut_chT"]
[Site "Frohnleiten"]
[Date "2002.12.08"]
[Round "4.2"]
[White "Schwarz, Michael"]
[Black "Gustafsson, Jan"]
[Result "1/2-1/2"]
[WhiteElo "2410"]
[BlackElo "2554"]
[PlyCount "100"]
[EventDate "2002.12.05"]

1. d4 Nf6 2. Nf3 d5 3. c3 Bf5 4. Bf4 e6 5. e3 Be7 6. Bd3 Ne4 7. h3 O-O 8. O-O
c5 9. dxc5 Bxc5 10. Qc2 Nc6 11. Nbd2 Nxd2 12. Qxd2 Qf6 13. Bxf5 Qxf5 14. Rfd1
Rad8 15. Qd3 Qxd3 16. Rxd3 f6 17. Bg3 e5 18. Rd2 Kf7 19. Rad1 Ke6 20. Kf1 g5
21. Ke2 Bb6 22. Ne1 f5 23. f3 Ne7 24. Nd3 e4 25. Nb4 f4 26. Bf2 a5 27. Nc2 Nc6
28. h4 h6 29. hxg5 hxg5 30. exf4 Bxf2 31. f5+ Rxf5 32. Kxf2 exf3 33. Ne3 Rf7
34. Rxd5 fxg2+ 35. Kxg2 Rfd7 36. Rxd7 Rxd7 37. Rxd7 Kxd7 38. Kf3 Ne5+ 39. Ke4
Ke6 40. b3 Nf7 41. a4 Nd6+ 42. Kf3 Ke5 43. Ng4+ Kd5 44. Ne3+ Kc5 45. Kg4 Ne4
46. Nc4 b6 47. Nxb6 Kxb6 48. b4 Nxc3 49. bxa5+ Kxa5 50. Kxg5 Nb5 1/2-1/2

[Event "Aut_chT"]
[Site "Frohnleiten"]
[Date "2002.12.08"]
[Round "4.2"]
[White "Kotz, Heinz Peter"]
[Black "Novkovic, Milan"]
[Result "1-0"]
[WhiteElo "2325"]
[BlackElo "2375"]
[PlyCount "83"]
[EventDate "2002.12.05"]

1. e4 c5 2. Nf3 e6 3. d4 cxd4 4. Nxd4 a6 5. Bd3 Nf6 6. Nc3 d6 7. O-O Be7 8. Be3
Nbd7 9. f4 Qc7 10. Qf3 b6 11. Qg3 g6 12. f5 gxf5 13. exf5 e5 14. Ne6 Qc6 15.
Qg7 Rg8 16. Be4 Qc4 17. Bd5 Rxg7 18. Nxg7+ Kf8 19. Bxc4 Kxg7 20. Nd5 Nxd5 21.
Bxd5 Rb8 22. Rf3 Nf6 23. Rg3+ Kf8 24. Bc6 Ng8 25. Rf1 Bf6 26. Bd2 Bb7 27. Bb4
Be7 28. Bxb7 Rxb7 29. Rd1 Nf6 30. Bxd6 Bxd6 31. Rxd6 Ne4 32. Rd8+ Ke7 33. Rgd3
Rc7 34. c3 Kf6 35. R3d7 Rc6 36. Kf1 h5 37. Ke2 Kxf5 38. Rxf7+ Kg6 39. Rfd7 Kf5
40. Rf8+ Kg6 41. Re7 Nf6 42. Rxe5 1-0